U.S. Congress and Capitol General Knowledge - Statistics

General Stats
  • This quiz has been taken 243 times
    26 since last reset
  • The average score is 8 of 19
Answer Stats
Question Answer % Correct
Who is the President of the Senate? Vice President
91%
How many Senators are there in the Senate? 100
87%
Who is invited to speak to a joint session of Congress every year at the Capitol (often known as the State of the Union)? The President
83%
Where is the Capitol building? Washington, D.C.
83%
Who presides over the House of Representatives? Speaker of the House
78%
If all Senators are voting, what is the minimum number of votes needed to pass a bill in the Senate? 51
74%
How many voting representatives are there in the House of Representatives? 435
70%
How long does a Congress last? Two years
70%
What is most of the Capitol exterior made out of? Marble
52%
Who is the current Speaker of the House? Mike Johnson
39%
Who was the first President sworn in at the Capitol? Thomas Jefferson
35%
Who is in charge of security on the floors of the chambers? Sergeant at Arms
30%
Who served in congress for only four years, but voted against entering both World Wars? Jeannette Rankin
22%
Who is the President Pro tempore of the Senate, (fourth in line to the presidency)? Chuck Grassley
17%
Who is the first person to have lain in state in the Capitol Rotunda? Henry Clay
4%
What material is the Capitol dome made out of? Cast Iron
0%
Who painted the corridors on the Senate side of the Capitol? Constantino Brumidi
0%
Of all the many statues in the Capitol, whose is painted white? Jack L. Swigert
0%
What is the name of the statue on the top of the Capitol dome? Statue of Freedom
0%
No matching quizzes found
Score Distribution
Percent of People with Each Score
Percentile by Number Answered
Your Score History
You have not taken this quiz since the last reset